Sports Quiz

Random Sports or NFL Quiz

100 Touchdown Passers Quiz Stats

 Plays Quiz not verified by Sporcle

Support Sporcle.
Go Orange.
Score 0/116 Timer 15:00
0 Plays Today
Touchdowns(#) Quarterback % Correct
399*Peyton Manning
98.5%
156*Eli Manning
98.5%
125Archie Manning
98.5%
261*Tom Brady
97.7%
508Brett Favre
97%
420Dan Marino
97%
300John Elway
96.2%
273Joe Montana
96.2%
291Warren Moon
94.7%
230*Donovan McNabb
92.4%
290Johnny Unitas
91.7%
235*Drew Brees
91.7%
232Steve Young
90.9%
136*Phillip Rivers
90.9%
254Dan Fouts
90.2%
176*Matt Hasselbeck
90.2%
165Troy Aikman
90.2%
173Joe Namath
89.4%
342Fran Tarkenton
88.6%
251Drew Bledsoe
88.6%
247Boomer Esiason
88.6%
199Phil Simms
87.1%
118*Tony Romo
87.1%
154*Carson Palmer
85.6%
144*Ben Roethlisberger
85.6%
275Vinny Testaverde
84.8%
237Jim Kelly
84.8%
184*Mark Brunell
84.8%
208Kurt Warner
84.1%
206*Kerry Collins
83.3%
174Steve McNair
82.6%
153Roger Staubach
82.6%
212Terry Bradshaw
81.8%
166Brad Johnson
81.1%
125*Jake Delhomme
81.1%
170Charley Johnson
80.3%
180Rich Gannon
79.5%
152Bart Starr
77.3%
197Ken Anderson
76.5%
Touchdowns(#) Quarterback % Correct
100Jim McMahon
76.5%
194Ken Stabler
75%
162Trent Green
75%
261Dave Krieg
74.2%
192Bob Griese
74.2%
179Ron Jaworski
74.2%
123Aaron Brooks
74.2%
119Brian Griese
74.2%
100Doug Williams
74.2%
160Joe Theismann
73.5%
207Randall Cunningham
72.7%
104*Jay Cutler
72.7%
242Y.A. Tittle
72%
155Danny White
72%
239Len Dawson
71.2%
149Daunte Culpepper
71.2%
102*Chad Pennington
69.7%
122Marc Bulger
68.2%
255Sonny Jurgensen
65.2%
124Bernie Kosar
65.2%
170Chris Chandler
64.4%
168*John Kitna
64.4%
164Jim Plunkett
64.4%
203Jim Everett
63.6%
122Milt Plum
63.6%
161Jeff Garcia
62.9%
115Mark Rypien
62.9%
161Jake Plummer
62.1%
124Bert Jones
61.4%
128Ken O'Brien
60.6%
244John Hadl
57.6%
187Sammy Baugh
57.6%
174Otto Graham
57.6%
136Neil Lomax
57.6%
154Jeff George
56.8%
111Jim Zorn
56.8%
154Brian Sipe
55.3%
182Steve Grogan
54.5%
129Jim Harbaugh
53.8%
Touchdowns(#) Quarterback % Correct
236George Blanda
53%
164Daryle Lamonica
53%
156Steve Bartkowski
53%
137Sid Luckman
53%
209Jim Hart
52.3%
113Trent Dilfer
52.3%
135Don Meredith
51.5%
159Tommy Kramer
50.8%
196Bobby Layne
50%
134Jeff Blake
50%
214John Brodie
49.2%
120Neil O'Donnell
49.2%
123Chris Miller
47.7%
201Roman Gabriel
47%
196Steve DeBerg
45.5%
114Jack Kemp
45.5%
135Bobby Hebert
44.7%
141Lynn Dickey
43.9%
149Frank Ryan
41.7%
183Craig Morton
40.2%
161Earl Morrall
39.4%
196Joe Ferguson
37.9%
152Billy Kilmer
35.6%
173Norm VanBrocklin
34.8%
102Ed Brown
34.8%
124Richard Todd
34.1%
147Steve Beuerlein
32.6%
114Jay Schroeder
32.6%
103Don Pastorini
32.6%
114Gus Frerotte
30.3%
196Norm Snead
27.3%
105Bill Kenney
21.2%
173Chris Conerly
20.5%
178Babe Parilli
19.7%
148Tobin Rote
16.7%
124Billy Wade
12.9%
115Frankie Albert
7.6%
104Eddie LeBaron
3.8%

You're not logged in!

Compare scores with friends on all Sporcle quizzes.
OR
Log In

From the Vault

US Presidents Venn Diagram

by chaosBEE

We didn't know there was a president named Venn.
Remove Ads.
Support Sporcle.
Get the best of Sporcle when you Go Orange. This ad-free experience offers more features, more stats, and more fun while also helping to support Sporcle. Thank you for becoming a member.

Show Comments

Extras

Created Feb 25, 2011ReportNominate
Tags:NFL Quiz, Quarterbacks

Top Quizzes Today


Score Distribution

Your Account Isn't Verified!

In order to create a playlist on Sporcle, you need to verify the email address you used during registration. Go to your Sporcle Settings to finish the process.

Report this User

Report this user for behavior that violates our Community Guidelines.

Details: